000 00346nam a2200109Ia 4500
008 171211s9999 xx 000 0 und d
245 _aDirty Harry's America : Clint Eastwood, Harry Callahan, and the Conservative Backlash
245 _cJoe Street
260 _c2016
650 _xcinema
856 _uhttp://down.ebook777.com/063/9780813061672.pdf
999 _c348739
_d348739